00527nam a2200133Ia 4500008004100000100002700041245008700068260004600155300001800201650001300219856006900232999001900301952007300320160712s9999 xx 000 0 und d aDe Castro, Leonardo D. cLeonardo D. de CastroaRebyu ng Aklat: Mga Babasahin sa Agham Panlipunang Pilipino c2013bDaluyan: Journal ng Wikang Filipino avol. 19 no. 2 xFILIPINO uhttp://journals.upd.edu.ph/index.php/djwf/issue/view/396/showToc c297288d297288 001040aCLbCLd2016-07-12l0r2016-07-12 00:00:00w2016-07-12yFEJ